Design handbook of wastewater systems = VOL 1-4 (Record no. 331910)

000 -LEADER
fixed length control field 01711pam a2200361 a 4500
001 - CONTROL NUMBER
control field 3353786
003 - CONTROL NUMBER IDENTIFIER
control field NUST
005 - DATE AND TIME OF LATEST TRANSACTION
control field 20180117105152.0
008 - FIXED-LENGTH DATA ELEMENTS--GENERAL INFORMATION
fixed length control field 861030s1986 nyua b 001 0 eng
010 ## - LIBRARY OF CONGRESS CONTROL NUMBER
LC control number 86072126
020 ## - INTERNATIONAL STANDARD BOOK NUMBER
International Standard Book Number 0898640253 :
Terms of availability $395.00
040 ## - CATALOGING SOURCE
Original cataloging agency DLC
Transcribing agency DLC
Modifying agency DLC
041 1# - LANGUAGE CODE
Language code of text/sound track or separate title engrus
050 00 - LIBRARY OF CONGRESS CALL NUMBER
Classification number TD741
Item number .K3613 1986
082 00 - DEWEY DECIMAL CLASSIFICATION NUMBER
Classification number 628.3 KHU
Edition number 19
130 0# - MAIN ENTRY--UNIFORM TITLE
Uniform title Kanalizat︠s︡ii︠a︡ naselennykh mest i promyshlennykh predprii︠a︡tiĭ.
Language of a work English.
9 (RLIN) 5825
245 10 - TITLE STATEMENT
Title Design handbook of wastewater systems = VOL 1-4
Remainder of title Kanalizatsiya naselennykh mest i promyshlennykh predpriyatii : spravochnik proektirovshchika /
Statement of responsibility, etc. under the general editorship of V.N. Samokhin ; by N.I. Likhachev ... [et al.].
250 ## - EDITION STATEMENT
Edition statement 2nd ed., rev. and expanded, English ed. /
Remainder of edition statement edited by Boris Khudenko.
260 ## - PUBLICATION, DISTRIBUTION, ETC.
Place of publication, distribution, etc. New York :
Name of publisher, distributor, etc. Allerton Press,
Date of publication, distribution, etc. c1986.
300 ## - PHYSICAL DESCRIPTION
Extent 4 v. (xxiii, 1-1060 p.) :
Other physical details ill. ;
Dimensions 27 cm.
500 ## - GENERAL NOTE
General note Translation of: Kanalizat︠s︡ii︠a︡ naselennykh mest i promyshlennykh predprii︠a︡tiĭ.
500 ## - GENERAL NOTE
General note Includes indexes.
504 ## - BIBLIOGRAPHY, ETC. NOTE
Bibliography, etc. note Bibliography: v. 4, p. 1043-1046.
505 0# - FORMATTED CONTENTS NOTE
Formatted contents note v. 1. Wastewater collection and transportation -- v. 2. Methods of wastewater treatment -- v. 3. Municipal and industrial systems -- v. 4. Systems integration and ancillary facilities.
650 #0 - SUBJECT ADDED ENTRY--TOPICAL TERM
Topical term or geographic name entry element Sewage disposal plants
General subdivision Design and construction.
9 (RLIN) 5826
650 #0 - SUBJECT ADDED ENTRY--TOPICAL TERM
Topical term or geographic name entry element Sewer design.
9 (RLIN) 5827
700 1# - ADDED ENTRY--PERSONAL NAME
Personal name Samokhin, V. N.
9 (RLIN) 5828
700 1# - ADDED ENTRY--PERSONAL NAME
Personal name Likhachev, N. I.
9 (RLIN) 5829
700 1# - ADDED ENTRY--PERSONAL NAME
Personal name Khudenko, Boris.
9 (RLIN) 5830
740 0# - ADDED ENTRY--UNCONTROLLED RELATED/ANALYTICAL TITLE
Uncontrolled related/analytical title Kanalizatsiya naselennykh mest i promyshlennykh predpriyattii.
906 ## - LOCAL DATA ELEMENT F, LDF (RLIN)
a 7
b cbc
c orignew
d 1
e opcn
f 19
g y-gencatlg
942 ## - ADDED ENTRY ELEMENTS (KOHA)
Source of classification or shelving scheme
Koha item type Book
Call number prefix IESE
Holdings
Withdrawn status Lost status Source of classification or shelving scheme Damaged status Not for loan Collection code Permanent Location Current Location Shelving location Date acquired Total Checkouts Full call number Barcode Date last seen Price effective from Koha item type
            Institute of Environmental Science and Engineering (IESE) Institute of Environmental Science and Engineering (IESE) General Stacks 11/01/2017   628.3 KHU IESE-186 11/01/2017 11/01/2017 Book
            Institute of Environmental Science and Engineering (IESE) Institute of Environmental Science and Engineering (IESE) General Stacks 11/01/2017   628.3 KHU IESE-189 11/01/2017 11/01/2017 Book
            Institute of Environmental Science and Engineering (IESE) Institute of Environmental Science and Engineering (IESE) General Stacks 11/01/2017   628.3 KHU IESE-187 11/01/2017 11/01/2017 Book
© 2023 Central Library, National University of Sciences and Technology. All Rights Reserved.